University Home | Library Home | Institutional Repository

La France economique et sociale au XVIIIe siecle / (Record no. 69128)

MARC details
000 -LEADER
fixed length control field 01147cam1a220025300 4500
001 - CONTROL NUMBER
control field qcf00149584
005 - DATE AND TIME OF LATEST TRANSACTION
control field 20190815110332.0
008 - FIXED-LENGTH DATA ELEMENTS--GENERAL INFORMATION
fixed length control field 770412c19691967fr b 000 0 fre d
035 ## - SYSTEM CONTROL NUMBER
System control number (Sirsi) r34880
035 ## - SYSTEM CONTROL NUMBER
System control number (QCAT)lss01552281
035 ## - SYSTEM CONTROL NUMBER
System control number (UPRA)qcf00149584
040 ## - CATALOGING SOURCE
Modifying agency UPRA
100 1# - MAIN ENTRY--PERSONAL NAME
Personal name See, Henri Eugene, 1864-1936.
Dates associated with a name See, Henri Eugene, 1864-1936.
Linkage A50940.1
245 13 - TITLE STATEMENT
Title La France economique et sociale au XVIIIe siecle /
Statement of responsibility, etc. Henri See ; bibliographie mise a jour par J.A. Lesourd.
250 ## - EDITION STATEMENT
Edition statement Nouvelle ed.
260 ## - PUBLICATION, DISTRIBUTION, ETC.
Place of publication, distribution, etc. Paris :
Name of publisher, distributor, etc. A. Colin,
Date of publication, distribution, etc. 1969, c1967.
490 0# - SERIES STATEMENT
Series statement Collection U2 ;
Volume/sequential designation 2
Linkage S13633.1
504 ## - BIBLIOGRAPHY, ETC. NOTE
Bibliography, etc. note Bibliography: p. [185]-190.
650 #0 - SUBJECT ADDED ENTRY--TOPICAL TERM
Topical term or geographic name entry element Social classes -- France -- History -- 18th century.
Geographic subdivision Social classes -- France -- History -- 18th century.
General subdivision Social classes -- France -- History -- 18th century.
Chronological subdivision Social classes -- France -- History -- 18th century.
Linkage S70704.1
651 #0 - SUBJECT ADDED ENTRY--GEOGRAPHIC NAME
Geographic name France -- Economic conditions.
General subdivision France -- Economic conditions.
Linkage S4487.1
651 #0 - SUBJECT ADDED ENTRY--GEOGRAPHIC NAME
Geographic name France -- Social conditions.
General subdivision France -- Social conditions.
Linkage S4488.1
949 ## - LOCAL PROCESSING INFORMATION (OCLC)
a HC275
w lcc
i -41096
m MAIN
t BOOK
l ON-SHELF

No items available.

© 2026 - The University of Zambia Library - Koha v25.11